000
00313nam a2200145Ia 4500
100
_a
GAukovsky/Yu.I
650
_a
General
942
_c
BK
654
_a
Pakistan People
245
_a
The People Of Pakistan
260
_b
Nauka Publishing House
_c
1971
082
_a
954.9
300
_a
247
546
_a
ENGLISH
999
_c
21287
_d
21287